[Event "GCT Sinquefield Cup 2021"]
[Site "Saint Louis"]
[Date "2021.08.21"]
[Round "5.1"]
[White "Svidler, Peter"]
[Black "Shankland, Sam"]
[Result "1/2-1/2"]
[WhiteElo "2714"]
[BlackElo "2709"]
[Annotator "TA"]
[PlyCount "47"]
[EventDate "2021.08.17"]
[EventType "tourn"]
[EventCountry "USA"]
[SourceTitle "playchess.com"]
[Source "ChessBase"]
[SourceQuality "1"]

{[%evp 13,47,0,9,0,4,8,4,6,10,0,11,0,0,0,0,0,0,-10,0,0,0,-18,0,-25,-21,-18,-22,
-10,0,0,0,-2,0,0,0,-13]} 1. e4 c5 2. Nf3 d6 3. d4 cxd4 4. Nxd4 Nf6 5. Nc3 a6 6.
Bd3 e5 7. Nde2 Be6 8. O-O {B90: Sicilian Najdorf: Unusual White 6th moves, 6
Be3 Ng4 and 6 Be3 e5.} Nc6 9. f4 exf4 10. Nxf4 Ne5 {[#]} 11. a4 $146 ({
Predecessor:} 11. Kh1 Be7 12. Be3 O-O 13. a4 Qc7 14. Bd4 Rae8 15. Qe1 Qc8 16.
Qg3 Nc6 17. Bg1 {1/2-1/2 (32) Heberla,B (2566)-Gajewski,G (2616) Warsaw 2020})
11... g6 12. Be2 Bg7 13. Be3 O-O 14. a5 Rc8 15. Ra4 Re8 16. h3 Qe7 17. Bd4 h5
18. Qe1 Bd7 {[#] Threatens to win with ...Rxc3.} 19. Nfd5 {The position is
equal.} Nxd5 20. Nxd5 Qe6 21. Nf4 Qe7 22. Nd5 Qe6 23. Nf4 Qe7 24. Nd5 {Not
much happened in this game.  Weighted Error Value: White=0.04/Black=0.04}
1/2-1/2

[Event "GCT Sinquefield Cup 2021"]
[Site "Saint Louis"]
[Date "2021.08.21"]
[Round "5.2"]
[White "Vachier-Lagrave, Maxime"]
[Black "Swiercz, Dariusz"]
[Result "1-0"]
[WhiteElo "2751"]
[BlackElo "2655"]
[Annotator "TA"]
[PlyCount "93"]
[EventDate "2021.08.17"]
[EventType "tourn"]
[EventCountry "USA"]
[SourceTitle "playchess.com"]
[Source "ChessBase"]
[SourceQuality "1"]

{[%evp 15,93,21,22,4,2,0,7,-32,32,30,38,52,75,11,16,4,12,6,20,20,15,0,0,0,29,
25,21,28,57,64,64,62,65,62,65,65,65,65,65,65,94,91,141,141,162,168,326,326,322,
304,351,368,357,245,245,245,245,245,245,245,239,239,239,239,241,233,512,500,
487,430,29977,29977,29974,29975,29982,29983,29983,29980,29995,29996]} 1. e4 e5
2. Nf3 Nc6 3. Bc4 Bc5 4. c3 Nf6 5. d3 O-O 6. O-O d5 7. exd5 Nxd5 8. Re1 Bg4 9.
Nbd2 {C54: Giuoco Piano: 4 c3 Nf6, main lines with 5 d4 and 5 d3.} Nb6 10. h3
Bh5 11. Bb3 $1 {[%mdl 4] The position is equal. is currently scoring better
than 11.Bb5.} Kh8 (11... Qxd3 $15 12. Bc2 Bxf3 13. Nxf3 Qxd1 14. Bxd1 Rae8) 12.
Ne4 $14 Nd7 13. Bd5 Bb6 14. Ng3 ({White should try} 14. b4 $1 $16) 14... Bxf3
$11 15. Qxf3 f5 $1 {Threatening ...e4!} 16. d4 (16. Nxf5 $2 g6 $19) 16... f4
17. Ne4 {[#]} Qh4 $146 ({Predecessor:} 17... exd4 18. Bxc6 bxc6 19. Bxf4 dxc3
20. bxc3 Ne5 21. Qg3 Nd3 22. Rad1 Nxe1 23. Rxd8 Raxd8 {1-0 (59) Nepomniachtchi,
I (2784)-Aronian,L (2781) chess24.com INT 2020}) 18. Nd2 exd4 19. Nc4 Rad8 20.
Bxc6 bxc6 21. Bd2 Nf6 22. Nxb6 (22. Bxf4 dxc3 23. Qg3 (23. bxc3 $2 Nh5 $19)
23... Qxg3 $17) (22. Qxf4 Qxf4 23. Bxf4 dxc3 $15) 22... cxb6 23. cxd4 c5 24.
Re7 Rxd4 25. Bc3 Nd5 26. Rxa7 Nxc3 27. bxc3 Rdd8 {White now steadily converts
the win.} 28. Re1 c4 29. Re4 b5 30. a4 $40 {[%mdl 128] Black is in trouble.}
Rd3 $2 {[#]} (30... bxa4 31. Rxc4 a3 32. Rxa3 Qe7) 31. Qxf4 $3 $18 {[%mdl 512]}
Qxf4 ({Of course not} 31... Rd1+ 32. Kh2 $18) 32. Rxf4 {[%cal Rf4f8][%mdl 4096]
Endgame KRR-KRR} Rg8 33. axb5 {Hoping for b6.} Rxc3 34. Rc7 Rb3 {[#]} 35. Rc5
$1 ({Don't do} 35. Rcxc4 $6 Rb1+ 36. Kh2 Rxb5) ({Don't play} 35. Rfxc4 $6 Rxb5
36. f3 Rbb8) 35... c3 36. Rfc4 h6 37. Rxc3 Rb1+ 38. Kh2 Kh7 39. Rg3 Rb2 40. f4
g6 $2 (40... Kh8 41. h4 Rb4) 41. f5 g5 42. Rd3 Re8 (42... Rg7 $18 43. Rd6 Rb7)
43. Rd7+ {White mates.} Kg8 44. Rc6 Rxb5 45. Rg6+ Kf8 46. Rxh6 {[%cal Rh6h8]}
Kg8 47. f6 {Weighted Error Value: White=0.09/Black=0.38} 1-0

[Event "GCT Sinquefield Cup 2021"]
[Site "Saint Louis"]
[Date "2021.08.21"]
[Round "5.3"]
[White "Mamedyarov, Shakhriyar"]
[Black "Dominguez Perez, Leinier"]
[Result "1/2-1/2"]
[WhiteElo "2782"]
[BlackElo "2758"]
[Annotator "TA"]
[PlyCount "78"]
[EventDate "2021.08.17"]
[EventType "tourn"]
[EventCountry "USA"]
[SourceTitle "playchess.com"]
[Source "ChessBase"]
[SourceQuality "1"]

{[%evp 11,78,31,24,12,17,9,7,0,6,5,5,0,0,0,0,0,0,0,0,0,0,-12,-14,-22,-23,-16,0,
0,0,-45,-39,-46,-8,-3,0,-20,0,0,0,0,0,0,0,0,0,0,0,0,0,0,0,0,0,0,0,0,0,0,0,0,0,
0,0,0,0,0,0,0,0]} 1. d4 d5 2. c4 dxc4 3. Nf3 Nf6 4. e3 e6 5. Bxc4 a6 6. O-O c5
7. Re1 {7.e4 is the recent fashion. D27: Queen's Gambit Accepted: Classical
main line: 7 e4!? and 7 a4.} Nc6 8. Bd3 cxd4 9. exd4 Be7 10. Nc3 O-O 11. Ne5
Nxd4 {[#]} 12. Bf4 $146 ({Predecessor:} 12. Bg5 Nc6 13. Qf3 Qc7 14. Bf4 Bd6 15.
Qg3 Nh5 16. Qh4 g6 17. Nxc6 Nxf4 {0-1 (38) Riehle,M (2347)-Bluebaum,M (2670)
Chess.com INT 2021}) 12... Nf5 13. Qc2 Nd4 14. Qd1 Nf5 {[%cal Bd4f5,Bf5h4,
Bh4g6][%mdl 32]} 15. Qf3 Nh4 16. Qh3 Nd5 17. Bg3 {[#] And now Bxh4 would win.}
Ng6 18. Rad1 Bf6 19. Bb1 Qb6 20. Qh5 Nxc3 21. bxc3 Bxe5 22. Bxe5 {The position
is equal.} Rd8 23. h4 (23. Bd4 {looks sharper.} Qb5 24. Qxb5 axb5 25. Bb6 Rd7
26. Bd3) 23... Rxd1 24. Rxd1 {[#] Threatens to win with Bxg6.} Bd7 $1 25. Bxg7
Kxg7 26. Bxg6 hxg6 27. Qe5+ Kg8 {White must now prevent ...Bc6.} 28. Rxd7 $11 {
[%mdl 4096] Endgame KQR-KQR} Rd8 29. Re7 Qb1+ ({Much worse is} 29... Rd1+ $6
30. Kh2 $16) 30. Kh2 Qf5 31. Qxf5 exf5 32. Rxb7 {KR-KR} Rd2 33. f3 Rxa2 34. Ra7
Rc2 35. Rxa6 Rxc3 36. Ra8+ Kg7 37. Ra6 Kg8 38. Ra8+ Kg7 39. Ra6 Kg8 {Weighted
Error Value: White=0.04/Black=0.02} 1/2-1/2

[Event "GCT Sinquefield Cup 2021"]
[Site "Saint Louis"]
[Date "2021.08.21"]
[Round "5.4"]
[White "Xiong, Jeffery"]
[Black "Caruana, Fabiano"]
[Result "1-0"]
[WhiteElo "2710"]
[BlackElo "2806"]
[Annotator "TA"]
[PlyCount "72"]
[EventDate "2021.08.17"]
[EventType "tourn"]
[EventCountry "USA"]
[SourceTitle "playchess.com"]
[Source "ChessBase"]
[SourceQuality "1"]

{[%evp 12,72,20,10,33,21,24,21,42,-11,-8,-34,-11,-46,-33,-31,-20,-32,-12,-41,
-40,-33,0,0,-11,-43,-23,-48,-21,-1,-7,-16,-16,-63,0,0,83,72,136,112,126,119,
133,89,129,125,135,27,123,27,22,32,50,26,50,47,47,47,555,555,540,530,635]} 1.
Nf3 d5 2. g3 c5 3. Bg2 e6 4. O-O Nf6 5. d4 cxd4 6. Nxd4 e5 7. Nb3 a5 {D02: 1
d4 d5 2 Nf3 sidelines, including 2...Nf6 3 g3 and 2...Nf6 3 Bf4.} 8. Bg5 a4 9.
Nc1 Be6 {[#] The position is equal.} 10. e4 $146 (10. c4 $14) ({Predecessor:} 
10. c4 dxc4 11. Bxb7 Qxd1 12. Rxd1 Ra7 13. Bg2 Bc5 14. Nc3 O-O 15. Bxf6 gxf6
16. e3 {1/2-1/2 (55) Bobarykin,D (2248)-Khantuev,A (2351) Irkutsk 2010}) 10...
d4 $11 11. f4 Be7 12. Nd3 Nc6 13. Bf3 Nd7 (13... Rc8 {keeps more tension.} 14.
Nd2 O-O 15. b3 Ra8 16. Nc4 Nd7) 14. Bxe7 Qxe7 15. Nd2 b5 16. b3 {Hoping for f5.
} f6 17. Bh5+ g6 18. f5 Bf7 19. fxg6 hxg6 20. Bg4 Be6 21. Bxe6 Qxe6 22. Nf3 g5
(22... Rc8 $15) 23. Qe2 Nd8 (23... Rc8 $11 {keeps the balance.}) 24. Nb4 $1 $16
Rb8 (24... Nb7 $142) 25. Nd5 {And now Nc7+ would win.} O-O 26. h4 Nf7 27. hxg5
fxg5 {[#]} 28. Rf2 $1 Nb6 {[#]} 29. Qxb5 ({White should play} 29. Nd2 $1 $16)
29... Nxd5 (29... g4 $1 $11 30. Nh2 Nxd5 31. Qxd5 (31. exd5 Rxb5 32. dxe6 Ng5
$11) 31... Qxd5 32. exd5 Ng5 33. Rxf8+ Kxf8) 30. Qxd5 ({Better is} 30. exd5 $16
Qg4 31. Qc6) 30... Qxd5 31. exd5 axb3 32. axb3 d3 33. cxd3 {Ra6 is the strong
threat.} Rxb3 34. Ra6 {Threatens to win with Rg6+.} Rd8 $2 {[%mdl 8192]} (34...
Rxd3 $14 35. Rg6+ Kh7) 35. Rg6+ $18 Kh7 36. Rf6 Rxd3 {Weighted Error Value:
White=0.18/Black=0.52} 1-0

[Event "GCT Sinquefield Cup 2021"]
[Site "Saint Louis"]
[Date "2021.08.21"]
[Round "5.5"]
[White "So, Wesley"]
[Black "Rapport, Richard"]
[Result "1/2-1/2"]
[WhiteElo "2772"]
[BlackElo "2763"]
[Annotator "TA"]
[PlyCount "33"]
[EventDate "2021.08.17"]
[EventType "tourn"]
[EventCountry "USA"]
[SourceTitle "playchess.com"]
[Source "ChessBase"]
[SourceQuality "1"]

{[%evp 12,33,19,22,31,20,20,25,25,12,20,8,15,2,2,5,10,7,4,0,0,0,0,0]} 1. e4 e5
2. Nf3 Nc6 3. Bb5 Nf6 4. O-O Nxe4 5. Re1 Nd6 6. Nxe5 Be7 7. Bf1 Nf5 {C67: Ruy
Lopez: Berlin Defence: 4 0-0 Nxe4.} 8. c3 Nxe5 9. Rxe5 d6 {White has an edge.}
10. Re1 O-O {The position is equal.} 11. d4 d5 12. Bf4 Bd6 13. Qf3 {[#]} Nh4 $5
$146 {[%mdl 8] New and interesting.} ({Predecessor:} 13... Bxf4 14. Qxf4 Qd6
15. Qxd6 Nxd6 16. Bd3 c6 17. Nd2 Bf5 18. Bxf5 Nxf5 19. Re5 Nd6 20. Rae1 Rfe8
21. Rxe8+ Rxe8 22. Rxe8+ Nxe8 23. Nb3 Nd6 {1/2-1/2 (30) Kuzubov,Y (2660)
-Inarkiev,E (2684) Ankara 2018}) 14. Qe3 Nf5 15. Qf3 Nh4 16. Qg3 Nf5 17. Qf3 {
An uneventful encounter.  Weighted Error Value: White=0.03/Black=0.02} 1/2-1/2

[Event "GCT Sinquefield Cup 2021"]
[Site "Saint Louis"]
[Date "2021.08.23"]
[Round "6.1"]
[White "Caruana, Fabiano"]
[Black "Vachier-Lagrave, Maxime"]
[Result "1/2-1/2"]
[WhiteElo "2806"]
[BlackElo "2751"]
[Annotator "TA"]
[PlyCount "91"]
[EventDate "2021.08.17"]
[EventType "tourn"]
[EventCountry "USA"]
[SourceTitle "playchess.com"]
[Source "ChessBase"]
[SourceQuality "1"]

{[%evp 23,91,16,35,19,14,0,0,0,0,0,0,0,0,0,0,0,0,0,0,0,0,0,0,0,0,0,0,0,0,-17,
-18,-18,-18,-13,-30,-29,-19,-30,-20,-20,0,0,0,0,0,0,0,0,0,0,0,0,84,0,18,0,0,0,
0,0,0,0,0,0,0,0,0,0,0,0]} 1. e4 c5 2. Nf3 d6 3. d4 cxd4 4. Nxd4 Nf6 5. Nc3 a6
6. Be3 e5 7. Nb3 Be6 8. f3 Be7 9. Qd2 O-O 10. O-O-O Nbd7 11. g4 b5 12. g5 Nh5
$1 {[%mdl 4] is currently scoring better than 12...b4.} 13. Kb1 {B90: Sicilian
Najdorf: Unusual White 6th moves, 6 Be3 Ng4 and 6 Be3 e5.} Nb6 14. Na5 Rc8 15.
a3 g6 16. h4 Ng3 17. Rg1 Nxf1 18. Rgxf1 Na4 $1 {[%cal Ra4c3]} 19. Nxa4 bxa4 20.
h5 $1 Qc7 21. Rh1 Rfe8 22. Qh2 $1 {[#] hxg6 is the strong threat.} Bf8 $1 ({
Weaker is} 22... Qxa5 23. hxg6 Bd8 24. gxf7+ Kxf7 25. g6+ Kf6 26. Qh4+ Kg7 27.
Qh6+ Kg8 28. Qxh7+ Kf8 29. Bh6#) 23. c4 Re7 $1 24. Bd2 Bxc4 25. Bb4 Rd7 {[#]}
26. f4 $146 ({Predecessor:} 26. Nxc4 Qxc4 27. hxg6 fxg6 28. Qh3 Qf7 29. Rd5 Rc4
30. Rhd1 Rcc7 31. Bxd6 Bxd6 32. Rxd6 Rxd6 33. Rxd6 Rc1+ 34. Kxc1 Qc7+ 35. Kb1
Qxd6 36. Qc8+ Kg7 37. Qb7+ {1/2-1/2 (37) Szijarto,A (2294)-Voiculescu,C (2458)
ICCF email 2017}) 26... Bb5 27. hxg6 $1 fxg6 28. f5 Rg7 29. f6 Rf7 30. Qd2 Qd7
31. Qd5 Be2 32. Rc1 Rxc1+ 33. Rxc1 h5 34. Nc4 Bxc4 35. Rxc4 h4 36. Rc2 h3 37.
Ka2 Kh8 {[#]} (37... Qb7 $11) 38. Rd2 (38. Rh2 $1 $16 {[%cal Rh2h3]}) 38... Rh7
$11 {And now ...h2 would win.The position is equal.} 39. Bxd6 Qxd6 40. Qxd6
Bxd6 41. Rxd6 {[%cal Rd6d8] KR-KR} Kg8 $1 {White must now prevent ...Rh5.} 42.
Rd8+ Kf7 {aiming for ...Rh5.} 43. Rd7+ Kg8 44. Rd8+ Kf7 {Hoping for ...Rh5.}
45. Rd7+ Kg8 46. Rd8+ {Weighted Error Value: White=0.07/Black=0.06} 1/2-1/2

[Event "GCT Sinquefield Cup 2021"]
[Site "Saint Louis"]
[Date "2021.08.23"]
[Round "6.2"]
[White "Dominguez Perez, Leinier"]
[Black "Svidler, Peter"]
[Result "1/2-1/2"]
[WhiteElo "2758"]
[BlackElo "2714"]
[Annotator "TA"]
[PlyCount "70"]
[EventDate "2021.08.17"]
[EventType "tourn"]
[EventCountry "USA"]
[SourceTitle "playchess.com"]
[Source "ChessBase"]
[SourceQuality "1"]

{[%evp 13,70,2,26,37,37,17,20,0,0,0,0,0,0,0,0,19,6,1,0,0,0,-5,32,31,64,41,36,
28,39,0,0,-63,8,0,0,0,0,-14,0,0,0,-2,0,0,0,0,0,0,0,-12,-26,-16,0,-11,0,-19,0,
-6,0]} 1. e4 e5 2. Nf3 Nc6 3. Bc4 Bc5 4. c3 Nf6 5. d3 d6 6. Bg5 (6. O-O h6 7.
b4 Bb6 8. Nbd2 O-O 9. Re1 Ne7 10. Bb3 Ng6 11. a4 c6 12. a5 Bc7 13. d4 Re8 14.
dxe5 Nxe5 15. Nxe5 Rxe5 16. Bb2 Re8 17. c4 Be6 18. h3 d5 19. cxd5 cxd5 20. e5
Ne4 21. Nxe4 dxe4 22. Bxe6 Rxe6 23. Rxe4 {0-1 (57) Dominguez Perez,L (2758)
-Svidler,P (2714) Saint Louis 2021}) 6... h6 7. Bh4 Qe7 8. O-O {C54: Giuoco
Piano: 4 c3 Nf6, main lines with 5 d4 and 5 d3.} a6 9. b4 Ba7 10. Nbd2 g5 11.
Bg3 Nh7 12. a4 $1 h5 {White must now prevent ...h4.} 13. h4 g4 14. Ne1 Nf8 15.
Nc2 Ng6 16. Ne3 Be6 {[#]} 17. b5 $146 ({Predecessor:} 17. Qb3 Nd8 18. d4 c6 19.
Nf5 Bxf5 20. exf5 d5 21. fxg6 dxc4 22. Nxc4 {1-0 (22) Gabrielian,A (2506)
-Parfenov,V (2247) Voronezh 2018}) 17... Nd8 18. d4 Nxh4 19. dxe5 dxe5 20. Bxe5
O-O 21. Bxe6 (21. bxa6 {is more complex.} bxa6 22. Bd4 Bxc4 23. Ndxc4 Qg5 24.
Re1) 21... fxe6 22. Bd4 (22. Nxg4 $11 Qg5 23. Bf6 $1 Rxf6 24. Nxf6+ {[%mdl 64]
Discovered Attack} Qxf6 25. Qxh5) 22... c5 (22... Ng6 $1 $15) 23. bxc6 Nxc6 24.
Bxa7 Rxa7 25. Ndc4 Rd8 26. Qb3 Raa8 27. Rfd1 Kh8 28. Rab1 Rxd1+ 29. Qxd1 Rd8
30. Qb3 Ng6 31. Rb2 ({Reject} 31. Qxb7 {[#]} Rb8 $1 $17) 31... Rd7 32. Nb6 Rd8
{The position is equal.} 33. Nbc4 Rd7 34. Nb6 Rd8 35. Nbc4 Rd7 {Weighted Error
Value: White=0.10/Black=0.11} 1/2-1/2

[Event "GCT Sinquefield Cup 2021"]
[Site "Saint Louis"]
[Date "2021.08.23"]
[Round "6.3"]
[White "Xiong, Jeffery"]
[Black "So, Wesley"]
[Result "1/2-1/2"]
[WhiteElo "2710"]
[BlackElo "2772"]
[Annotator "TA"]
[PlyCount "111"]
[EventDate "2021.08.17"]
[EventType "tourn"]
[EventCountry "USA"]
[SourceTitle "playchess.com"]
[Source "ChessBase"]
[SourceQuality "1"]

{[%evp 9,111,11,1,9,22,16,14,16,18,14,33,15,32,28,32,11,37,27,41,57,47,23,51,
44,33,31,29,37,28,29,34,27,36,37,39,37,37,32,30,32,35,36,39,41,46,42,41,12,18,
11,41,11,11,8,12,8,7,0,12,9,12,0,0,0,0,0,0,0,4,0,4,0,0,0,0,0,0,-3,4,0,8,0,0,0,
12,14,26,12,15,10,14,10,34,5,5,4,5,0,5,0,8,0,5,0]} 1. d4 Nf6 2. Nf3 d5 3. Bf4
e6 4. e3 Bd6 5. Nbd2 O-O 6. Bd3 {D02: 1 d4 d5 2 Nf3 sidelines, including 2...
Nf6 3 g3 and 2...Nf6 3 Bf4.} c5 7. dxc5 Bxc5 8. O-O Nbd7 9. c4 {[#]} b6 $146 ({
Predecessor:} 9... Nb6 10. Rc1 dxc4 11. Nxc4 Nbd5 12. Bg3 b6 13. a3 a5 14. Qc2
Ne7 15. Rfd1 Bd7 16. Nfe5 Ra7 17. Bh4 h6 18. Qd2 g5 19. Bg3 a4 20. Qe2 Qc8 21.
Nxb6 {1-0 (21) Pert,R (2416)-Fischer,D (2324) London 2018}) 10. Rc1 Bb7 11. Qe2
Rc8 12. Rfd1 Qe7 {[#] And now ...e5 would win.} 13. cxd5 e5 14. Bg5 Bxd5 15.
Ba6 Rcd8 16. Nc4 Bc6 17. a3 h6 18. Bh4 Ba4 19. Re1 e4 20. Nd4 Bxd4 21. exd4 Nb8
{[#] Hoping for ...g5.} 22. Ne3 {Black must now prevent Bc4.} Nxa6 23. Qxa6 Qd7
{Threatens to win with ...Bb5.} ({Don't blunder} 23... Rxd4 $2 24. Nf5 $18) 24.
Qc4 Rc8 25. Qb4 Nh5 26. Bg3 Bc6 27. d5 Bb7 ({Wrong is} 27... Bxd5 $2 28. Rcd1
$18) 28. Qxe4 Nf6 29. Qd3 Nxd5 30. Rxc8 Rxc8 31. Nf5 Re8 32. Rxe8+ Qxe8 33. h3
Qd7 34. Bb8 Bc6 35. Bg3 (35. Qe4 {looks sharper.} Kh8 36. Qg4 f6 37. Qg6 Nc7
38. f3) 35... Nf6 36. Qxd7 (36. Qc2 {keeps more tension.} Ne4 37. Qxc6 Qxf5 38.
Qc7 Nxg3 39. fxg3 Qb1+ 40. Kh2) 36... Bxd7 $11 {[%mdl 4096] Endgame KBN-KBN}
37. Nd4 Nd5 38. Kf1 Ne7 39. Bb8 a6 40. Bc7 b5 41. Ke2 f6 42. Kd3 Kf7 43. Ke4 g6
44. f3 Nf5 45. Nxf5 Bxf5+ {KB-KB} 46. Kd4 b4 47. axb4 h5 48. g4 Bd7 49. Ke3
hxg4 50. hxg4 f5 51. gxf5 Bxf5 {The position is equal.} 52. Kd4 Bd7 53. Ke3 Bf5
54. Kd4 Be6 55. Ke3 Bf5 56. Kd4 {Weighted Error Value: White=0.05/Black=0.05}
1/2-1/2

[Event "GCT Sinquefield Cup 2021"]
[Site "Saint Louis"]
[Date "2021.08.23"]
[Round "6.4"]
[White "Shankland, Sam"]
[Black "Rapport, Richard"]
[Result "1/2-1/2"]
[WhiteElo "2709"]
[BlackElo "2763"]
[Annotator "TA"]
[PlyCount "92"]
[EventDate "2021.08.17"]
[EventType "tourn"]
[EventCountry "USA"]
[SourceTitle "playchess.com"]
[Source "ChessBase"]
[SourceQuality "1"]

{[%evp 14,92,43,24,26,12,10,14,16,-11,0,0,0,-22,-18,-25,-9,-17,-16,-22,-12,-18,
-7,-7,-14,-27,-25,-45,-21,-29,-19,-19,-21,-36,-18,-66,-1,-9,-13,-16,-20,-19,0,
-92,-99,-99,-32,-96,-39,-39,-28,-33,-26,-35,-35,-37,0,0,0,0,0,-6,0,0,0,0,0,0,0,
0,0,0,0,0,0,0,0,0,0,0,0]} 1. e4 e5 2. Nf3 Nc6 3. d4 exd4 4. Nxd4 Bc5 5. Nb3 Bb6
6. Qe2 Qf6 7. Nc3 Nge7 8. h4 d6 {C45: Scotch Game.} 9. Bg5 Qe6 10. O-O-O {[#]}
Bd7 $146 ({Predecessor:} 10... f6 11. Be3 Bd7 12. g3 Qf7 13. Nd5 h5 14. Bxb6
Nxd5 15. exd5+ Ne5 16. Bxc7 Rc8 17. Bxd6 {1-0 (60) Acevedo Mendez,L (1845)
-Levacic,M (1951) Tornelo INT 2020}) 11. Qd2 O-O-O 12. f3 h6 13. Be3 (13. Bf4 {
is more complex.} f5 14. exf5 Qxf5 15. Na4 Bf2 16. Nc3) 13... Bxe3 14. Qxe3 Kb8
15. Bb5 f5 16. Qd2 fxe4 17. Rhe1 Qg6 {Black wants to play ...exf3.} 18. Rxe4 a6
19. Bf1 Rhe8 20. Rde1 Nf5 21. Bd3 {Rxe8 is the strong threat.} Rxe4 22. Bxe4 {
Black must now prevent g4.} Qg3 23. h5 Re8 (23... Nfe7 {keeps more tension.}
24. Rh1 Be6 25. Kb1 Rf8 26. a3 Qe5) 24. Nd5 Qg5 (24... Nfe7 $15 25. Ne3 Qg5)
25. Qxg5 $11 hxg5 26. Kd2 {Threatens to win with Bxf5.} Ng3 27. Bg6 Rh8 28. f4
(28. Ne7 $11 {keeps the balance.}) 28... gxf4 $17 29. Nxf4 {[#]} Ne5 ({Black
should play} 29... Rf8 $1 $17 {[%cal Rf8f4]} 30. Nd3 Kc8) 30. Nc1 (30. Nc5 $15)
30... Bc6 (30... Nxg6 $17 31. hxg6 Rh4) 31. Ncd3 $15 {[#]} Nxh5 $1 32. Bxh5
Nxd3 33. Kxd3 {Strongly threatening g4.} g5 34. Bf3 gxf4 (34... Bxf3 {seems
wilder.} 35. gxf3 gxf4 36. Re4 Rf8 37. a4 Kc8) 35. Bxc6 {The position is equal.
} bxc6 {[%mdl 4096] Endgame KR-KR} 36. Re2 d5 37. Rf2 Rg8 38. Kd4 Rg5 39. Kc5
Kb7 40. Rxf4 Rxg2 41. Rb4+ Kc8 42. Kxc6 Rxc2+ 43. Kxd5 Rd2+ 44. Kc6 Rc2+ 45.
Kd5 Rd2+ 46. Kc6 Rc2+ {Weighted Error Value: White=0.13/Black=0.10} 1/2-1/2

[Event "GCT Sinquefield Cup 2021"]
[Site "Saint Louis"]
[Date "2021.08.23"]
[Round "6.5"]
[White "Swiercz, Dariusz"]
[Black "Mamedyarov, Shakhriyar"]
[Result "1/2-1/2"]
[WhiteElo "2655"]
[BlackElo "2782"]
[Annotator "TA"]
[PlyCount "83"]
[EventDate "2021.08.17"]
[EventType "tourn"]
[EventCountry "USA"]
[SourceTitle "playchess.com"]
[Source "ChessBase"]
[SourceQuality "1"]

{[%evp 15,83,14,22,22,21,18,14,18,36,37,32,33,48,52,29,36,30,30,32,36,64,49,43,
58,64,20,20,20,16,21,21,4,4,4,4,0,0,0,0,0,0,0,0,0,0,0,0,-5,-5,-3,0,0,0,0,0,0,0,
0,0,0,0,0,0,0,0,0,0,0,0,0]} 1. e4 e5 2. Nf3 Nc6 3. Bb5 Nf6 4. O-O Nxe4 5. Re1
Nd6 6. Nxe5 Be7 7. Bf1 Nxe5 8. Rxe5 O-O 9. Nc3 {C67: Ruy Lopez: Berlin Defence:
4 0-0 Nxe4.} Ne8 10. Nd5 Bd6 11. Re1 Nf6 12. Nxf6+ Qxf6 13. d4 b6 {[#]} 14. Qg4
$146 ({Predecessor:} 14. Bd3 g6 15. Be4 Rb8 16. Qd3 Bb7 17. Bxb7 Rxb7 18. Bh6
Rfb8 19. Qh3 c6 20. Re4 {1-0 (41) Iordachescu,V (2644)-Aleksandrov,A (2604)
Nakhchivan 2012}) 14... Bb7 15. Bd3 h6 16. Bd2 c5 17. Bc3 {[#] Strongly
threatening dxc5.} Qf4 18. Qxf4 Bxf4 19. dxc5 bxc5 20. Be5 (20. g3 {feels
hotter.} Bg5 21. Bb5 d5 22. Be5 a6 23. Ba4) 20... Bxe5 {The position is equal.}
21. Rxe5 d6 22. Re7 Bd5 23. Rd1 Bxa2 24. b3 {[#] Black must now prevent Ra1.}
d5 $1 25. Bb5 {And now Bc6 would win.} c4 26. Ba4 {Ra1 is the strong threat.} (
{Of course not} 26. Rxd5 cxb3 27. cxb3 Bxb3 $17) 26... Rab8 {[%cal Rc4b3]} 27.
Rxa7 Rfd8 {[%cal Rc4b3]} 28. bxc4 Bxc4 29. h3 Rb2 30. Rc7 {Threatens to win
with Rxc4!} Rdb8 31. Bb3 Bxb3 32. cxb3 R2xb3 33. Rxd5 $11 {[%mdl 4096] Endgame
KRR-KRR} R3b7 34. Rdd7 Rxc7 35. Rxc7 {KR-KR} g5 36. g4 Kg7 37. Kg2 Kg6 38. Rc6+
Kg7 39. Rc7 Kg6 40. Rc6+ Kg7 41. Rc7 Kg6 42. Rc6+ {Weighted Error Value:
White=0.03/Black=0.02} 1/2-1/2

[Event "GCT Sinquefield Cup 2021"]
[Site "Saint Louis"]
[Date "2021.08.24"]
[Round "7.1"]
[White "Rapport, Richard"]
[Black "Dominguez Perez, Leinier"]
[Result "1/2-1/2"]
[WhiteElo "2763"]
[BlackElo "2758"]
[Annotator "TA"]
[PlyCount "89"]
[EventDate "2021.08.17"]
[EventType "tourn"]
[EventCountry "USA"]
[SourceTitle "playchess.com"]
[Source "ChessBase"]
[SourceQuality "1"]

{[%evp 9,89,8,46,37,29,31,52,12,15,-3,0,0,0,0,0,0,0,0,0,1,11,12,21,0,0,0,20,10,
2,0,0,0,11,8,12,0,0,0,0,0,0,-9,-9,-8,-6,-6,-6,-6,-6,-6,-6,-10,0,0,2,-27,-27,
-27,-27,-27,-27,-27,-27,-27,-27,-27,-27,-27,-27,-27,-27,-27,-27,-27,-27,-27,0,
-27,0,-27,0,-27]} 1. d4 d5 2. c4 dxc4 3. Nf3 Nf6 4. Qa4+ Nc6 5. Qxc4 e5 6. Nxe5
{D23: Queen's Gambit Accepted: 3 Nf3 Nf6 sidelines.} Nxe5 7. dxe5 Ng4 8. Bf4 {
White is slightly better.} c6 {[#] Threatens to win with ...Qb6.} 9. e3 {[#]}
g5 $146 ({Predecessor:} 9... Qa5+ 10. Nc3 Nxe5 11. Qd4 f6 12. a3 Qc5 13. b4
Qxd4 14. exd4 Ng6 15. Be3 Be6 {1/2-1/2 (33) Laczay,I-De Paus,P LSS email 2007})
10. Bg3 Qa5+ 11. Nd2 Be6 12. Qc2 O-O-O {[#] And now ...Rxd2! would win.} 13.
O-O-O {Strongly threatening Bc4.} Bb4 14. a3 Bxd2+ 15. Rxd2 Bb3 16. Qf5+ Be6
17. Qc2 Bb3 18. Qc3 Qxc3+ 19. bxc3 Rxd2 20. Kxd2 {Black must now prevent Bd3.}
Rd8+ 21. Ke2 $1 Rd5 22. h4 {e4 is the strong threat.} Bc4+ 23. Kf3 Nxe5+ 24.
Bxe5 Bxf1 $11 {[%mdl 4096] Endgame KRB-KRB} 25. Bd4 Rf5+ 26. Kg3 gxh4+ 27. Rxh4
Rg5+ 28. Rg4 Rxg4+ 29. Kxg4 Bxg2 30. Bxa7 {KB-KB} b5 31. Kg5 Kd7 32. Kh6 Be4
33. f3 Bxf3 34. Kxh7 Ke6 35. Kg7 f5 36. Kf8 Kd5 37. Ke7 Kc4 38. Kd6 Kxc3 39.
Bb6 Kb3 40. Bc5 Be4 41. Ke5 Kc4 42. Kd6 Kb3 43. Ke5 Kc4 44. Kd6 Kb3 45. Ke5 {
Weighted Error Value: White=0.04/Black=0.04} 1/2-1/2